[Event "Lenk op 12th"]
[Site "Lenk"]
[Date "2000.04.21"]
[Round "2"]
[White "Kolly, Jacques"]
[Black "Tukmakov, Vladimir B"]
[Result "0-1"]
[WhiteElo "2169"]
[BlackElo "2574"]
[PlyCount "72"]
[EventDate "2000.04.20"]
[EventType "swiss"]
[EventRounds "7"]
[EventCountry "SUI"]
[SourceTitle "EXT 2001"]
[Source "ChessBase"]
[SourceDate "2000.11.22"]
[SourceVersion "1"]
[SourceVersionDate "2000.11.22"]
[SourceQuality "1"]

1. d4 Nf6 2. c4 e6 3. Nc3 Bb4 4. Bg5 h6 5. Bh4 c5 6. d5 Bxc3+ 7. bxc3 d6 8. e3 Qe7 9. Qc2 Nbd7 10. Bd3 Ne5 11. Nf3 Nxd3+ 12. Qxd3 g5 13. Bg3 e5 14. Nd2 Nh5 15. f3 f5 16. 0-0-0 Bd7 17. Bf2 0-0-0 18. h3 Nf6 19. Rdf1 Rde8 20. Bg3 Rhg8 21. Kb2 h5 22. Qc2 h4 23. Bf2 e4 24. Bg1 exf3 25. gxf3 Nh5 26. Re1 g4 27. hxg4 fxg4 28. fxg4 Ng3 29. Rh2 Rxg4 30. Bf2 Bf5 31. Qd1 Ne4 32. Nxe4 Qxe4 33. Reh1 Rg2 34. Kb3 h3 35. Rxg2 hxg2 36. Rh4 g1Q 0-1

[Event "Lenk op"]
[Site "Lenk"]
[Date "1999.??.??"]
[Round "4"]
[White "Kolly, Jacques"]
[Black "Leutwyler, Martin"]
[Result "1-0"]
[WhiteElo "2167"]
[BlackElo "2160"]
[PlyCount "31"]
[EventDate "1999.03.31"]
[EventType "swiss"]
[EventRounds "9"]
[EventCountry "SUI"]
[SourceTitle "EXT 2000"]
[Source "ChessBase"]
[SourceDate "1999.11.16"]
[SourceVersion "1"]
[SourceVersionDate "1999.11.16"]
[SourceQuality "1"]

1. d4 d5 2. c4 e6 3. Nc3 c6 4. Nf3 dxc4 5. a4 Bb4 6. e4 b5 7. Be2 Bb7 8. 0-0 Bxc3 9. bxc3 bxa4 10. Rb1 Qc7 11. Qc2 Nf6 12. Ba3 h6 13. Nd2 Nbd7 14. e5 Nxe5 15. dxe5 Qxe5 16. Nxc4 1-0

[Event "Lenk op"]
[Site "Lenk"]
[Date "1999.??.??"]
[Round "4"]
[White "Kolly, Jacques"]
[Black "Moor, Olivier"]
[Result "0-1"]
[WhiteElo "2167"]
[BlackElo "2304"]
[PlyCount "63"]
[EventDate "1999.03.31"]
[EventType "swiss"]
[EventRounds "9"]
[EventCountry "SUI"]
[SourceTitle "EXT 2000"]
[Source "ChessBase"]
[SourceDate "1999.11.16"]
[SourceVersion "1"]
[SourceVersionDate "1999.11.16"]
[SourceQuality "1"]

1. d4 d5 2. c4 e6 3. Nc3 Nf6 4. Nf3 Bb4 5. Bg5 Nbd7 6. e3 c5 7. cxd5 exd5 8. Be2 Qa5 9. 0-0 c4 10. Na4 Ne4 11. Bf4 0-0 12. a3 Be7 13. Rc1 b5 14. Nc3 Nxc3 15. Rxc3 Bb7 16. Qb1 Qb6 17. Ne5 Nxe5 18. Bxe5 a5 19. b3 Rfc8 20. bxc4 dxc4 21. Qf5 Qe6 22. Qh5 g6 23. Qh6 f6 24. Bg3 b4 25. axb4 axb4 26. Rcc1 Ra2 27. Rfe1 b3 28. e4 b2 29. Rb1 Qxe4 30. Bxc4+ Rxc4 31. Rxe4 Bxe4 32. Qe3 0-1

[Event "Bern Ambassador op"]
[Site "Bern"]
[Date "1998.12.28"]
[Round "4"]
[White "Razuvaev, Yuri S"]
[Black "Kolly, Jacques"]
[Result "1-0"]
[WhiteElo "2560"]
[BlackElo "2185"]
[PlyCount "49"]
[EventDate "1998.12.??"]
[EventType "swiss"]
[EventRounds "7"]
[EventCountry "SUI"]
[SourceTitle "EXT 2000"]
[Source "ChessBase"]
[SourceDate "1999.11.16"]
[SourceVersion "1"]
[SourceVersionDate "1999.11.16"]
[SourceQuality "1"]

1. d4 e6 2. c4 f5 3. g3 Nf6 4. Bg2 d5 5. Nh3 Bb4+ 6. Bd2 Bxd2+ 7. Nxd2 0-0 8. 0-0 Qe7 9. Rc1 c6 10. Nf4 Nbd7 11. Qc2 Kh8 12. Rfd1 g5 13. Nd3 f4 14. Nf3 fxg3 15. fxg3 Ng4 16. Qd2 dxc4 17. Rxc4 Nb6 18. Rcc1 h6 19. Nfe5 Nxe5 20. Nxe5 Qg7 21. Rf1 Bd7 22. Be4 Rxf1+ 23. Rxf1 Be8 24. Qb4 Nd7 25. Qxb7 1-0

[Event "Zuerich op-A 20th"]
[Site "Zuerich"]
[Date "1996.??.??"]
[Round "2"]
[White "Kolly, Jacques"]
[Black "Siegel, Georg"]
[Result "0-1"]
[WhiteElo "2160"]
[BlackElo "2475"]
[PlyCount "56"]
[EventDate "1996.12.26"]
[EventType "swiss"]
[EventRounds "7"]
[EventCountry "SUI"]
[SourceTitle "CBM 056 Extra"]
[Source "ChessBase"]
[SourceDate "1997.03.01"]
[SourceVersion "1"]
[SourceVersionDate "1997.03.01"]
[SourceQuality "1"]

1. d4 Nf6 2. c4 e6 3. Nc3 Bb4 4. Bg5 c5 5. d5 exd5 6. cxd5 d6 7. e3 0-0 8. Bd3 Nbd7 9. Nge2 Ne5 10. 0-0 h6 11. Bh4 Ng6 12. Bxg6 fxg6 13. f3 a6 14. Ne4 g5 15. Nxf6+ Qxf6 16. Bg3 Bd7 17. Qc2 Rae8 18. e4 Qg6 19. Rad1 Ba5 20. a4 Rf6 21. Nc3 h5 22. Be1 Rf7 23. Bd2 g4 24. Kh1 gxf3 25. gxf3 h4 26. Rg1 Qh5 27. Be1 Qxf3+ 28. Qg2 Bg4 0-1